| 000 | 01372cam a22002533a 4500 | ||
|---|---|---|---|
| 001 | 6185 | ||
| 003 | PGUSA | ||
| 005 | 20140828083129.0 | ||
| 008 | 041116s2004||||xxu|||||s|||||000 1 eng d | ||
| 040 |
_aPGUSA _beng |
||
| 042 | _adc | ||
| 050 | 4 | _aPS | |
| 100 | 1 |
_aParker, Gilbert, _d1862-1932 |
|
| 245 | 1 | 2 |
_aA Romany of the Snows, Complete : _bBeing a Continuation of the Personal Histories of "Pierre and His People" and the Last Existing Records of Pretty Pierre _h[electronic resource] / _cGilbert Parker |
| 260 |
_bProject Gutenberg, _c2004 |
||
| 505 | 0 | _aAcross the jumping sandhills -- A lovely bully -- The filibuster -- The gift of the simple king -- Malachi -- The lake of the Great Slave -- The Red Patrol -- The going of the white swan -- At Bamber's Boom -- The Bridge House -- The epaulettes -- The house with the broken shutter -- The finding of Fingall -- Three commandments in the vulgar tongue -- Little Babiche -- At Point o' Bugles -- The spoil of the puma -- The trail of the sun dogs -- The pilot of Belle Amour -- The cruise of the "Ninety-Nine" -- Romany of the snows -- The plunderer. | |
| 506 | _aPublic domain in the USA. | ||
| 516 | _aElectronic text | ||
| 653 | _aShort stories, Canadian | ||
| 653 | _aCanada, Northern -- Fiction | ||
| 830 | 0 |
_aProject Gutenberg _v6185 |
|
| 856 | 4 | 0 | _uhttp://www.gutenberg.org/ebooks/6185 |
| 942 | _cEB | ||
| 999 |
_c235508 _d235508 |
||